000 00520nam a22001817a 4500
003 CEME
005 20210628202454.0
008 210121b xxu||||| |||| 00| 0 eng d
020 _a0-07-053314-8
040 _cceme
082 _a658.4092 SMI
100 _aSmith , Dayle. M
_960048
245 _aThe eleven keys to leadership
260 _aDELHI
_bTATA MCGRAW HILL
_c2003
300 _aVIII,183P
650 _aLEADERSHIP, DECISION MAKING, COMMUNICATION IN ORGANIZATIONS, COMMAND OF TROOPS
_960049
942 _cBK
_2ddc
999 _c569884
_d569884